<?xml version="1.0" encoding="UTF-8"?>
<record
    xmlns:xsi="http://www.w3.org/2001/XMLSchema-instance"
    xsi:schemaLocation="http://www.loc.gov/MARC21/slim http://www.loc.gov/standards/marcxml/schema/MARC21slim.xsd"
    xmlns="http://www.loc.gov/MARC21/slim">

  <leader>03424nam a22002897a 4500</leader>
  <controlfield tag="008">170826s2016        gw||||| |||| 00| 0 eng d</controlfield>
  <datafield tag="020" ind1=" " ind2=" ">
    <subfield code="a">9783956792663</subfield>
  </datafield>
  <datafield tag="082" ind1="0" ind2="4">
    <subfield code="a">707</subfield>
    <subfield code="b">S732s</subfield>
  </datafield>
  <datafield tag="100" ind1="1" ind2=" ">
    <subfield code="a">Baldauf, Anette.</subfield>
    <subfield code="9">5926</subfield>
  </datafield>
  <datafield tag="245" ind1="1" ind2="0">
    <subfield code="a">Spaces of commoning :</subfield>
    <subfield code="b">artistic research and the Utopia of the everyday /</subfield>
    <subfield code="c">editado por Anette Baldauf, Stefan Gruber, Moira Hille, Annette Krauss, Vladimir Miller, Mara Verlic, Hong-Kai Wang y Julia Wieger.</subfield>
  </datafield>
  <datafield tag="250" ind1=" " ind2=" ">
    <subfield code="a">1a edici&#xF3;n.</subfield>
  </datafield>
  <datafield tag="260" ind1=" " ind2=" ">
    <subfield code="a">Berl&#xED;n, Alemania :</subfield>
    <subfield code="b">Sternberg Press,</subfield>
    <subfield code="c">2016.</subfield>
  </datafield>
  <datafield tag="300" ind1=" " ind2=" ">
    <subfield code="a">275 p&#xE1;ginas :</subfield>
    <subfield code="b">ilustraciones en color.</subfield>
  </datafield>
  <datafield tag="440" ind1=" " ind2="0">
    <subfield code="a">Publication series of the Academy of Fine Arts Vienna</subfield>
    <subfield code="v">18</subfield>
    <subfield code="9">5927</subfield>
  </datafield>
  <datafield tag="505" ind1="0" ind2=" ">
    <subfield code="t">What collects in a collective?</subfield>
    <subfield code="r">Stefano Harney.</subfield>
    <subfield code="t">Artistic practices and uncommon knowledge</subfield>
    <subfield code="r">Pelin Tan.</subfield>
    <subfield code="t">Introduction: having to make it, without beign able to...</subfield>
    <subfield code="r">Anette Baldauf, Stefan Gruber, Moira Hille, Annette Krauss, Vladimir Miller, Mara Verlic, Hong-Kai Wang, and Julia Wieger.</subfield>
    <subfield code="t">Study as commoning: no beginnings.</subfield>
    <subfield code="t">Dear border</subfield>
    <subfield code="r">Berhanu Ashagrie Deribew and participants of the Commoning Seminar European Forum Alpbach 2015.</subfield>
    <subfield code="t">Allmeinde</subfield>
    <subfield code="r">Anette Baldauf.</subfield>
    <subfield code="t">Crisis and commoning: periods of despair, periods of hope</subfield>
    <subfield code="r">Stavros Stavrides in conversation with Mara Verlic.</subfield>
    <subfield code="t">Negotiating Addis Ababa's spatial transformations</subfield>
    <subfield code="r">Brook Teklehaimanot en conversaci&#xF3;n con Stefan Gruber y Vladimir Miller.</subfield>
    <subfield code="t">Cruising as</subfield>
    <subfield code="r">Moira Hille.</subfield>
    <subfield code="t">Study as commoning: call to order.</subfield>
    <subfield code="t">Designing commoning institutions: the dilemma of the Vienna settlers, the commoner, and the architect</subfield>
    <subfield code="r">Stefan Gruber.</subfield>
    <subfield code="t">Study across time: clancing back at Vienna's settlers' movement</subfield>
    <subfield code="r">Anette Baldauf, Stefan Gruber, Moira Hille, Annette Krauss, Vladimir Miller, Mara Verlic, Hong-Kai Wang y Julia Wieger.</subfield>
    <subfield code="t">Housing commons between redistribution and self-organization Vienna's settlers' movement then and now</subfield>
    <subfield code="r">Mara Verlic.</subfield>
    <subfield code="t">Always forward: Hermann Neubacher and the commons</subfield>
    <subfield code="r">Anette Baldauf, Maria Mesner y Mara Verlic.</subfield>
    <subfield code="t">Study as commoning: wage labor and reproductive labor.</subfield>
    <subfield code="t">A great source of teaching for all of us</subfield>
    <subfield code="r">Silvia Rederici in conversation with Alumin&#xE9; Cabrera.</subfield>
    <subfield code="t">Kitchen politics</subfield>
    <subfield code="r">Julia Wieger.</subfield>
    <subfield code="t">Site for unlearning (art organization)</subfield>
    <subfield code="r">Team at Casco-Office for art, design and theory and Annette Krauss.</subfield>
    <subfield code="t">Study as commoning: noise as border.</subfield>
    <subfield code="t">How to hear in common: the more impossible, the more political, no?</subfield>
    <subfield code="r">Ultra-red.</subfield>
    <subfield code="t">Study across borders: Addis Ababa-Vienna</subfield>
    <subfield code="r">Anette Baldauf, Tesfaye Bekele Bari, Stefan Gruber, Mihret Kebede, Moira Hille, Annette Krauss, Vladimir Miller, Mara Verlic, Hong-Kai Wang, y Julia Wieger.</subfield>
    <subfield code="t">Merkato and the mall: a short history of modernization</subfield>
    <subfield code="r">Anette Baldauf and Elizabeth Giorgis.</subfield>
    <subfield code="t">Study as commoning: bodies and other ghosts.</subfield>
    <subfield code="t">Where do you come from: a question of uncommoning?</subfield>
    <subfield code="r">Annette Krauss.</subfield>
    <subfield code="t">The intimacies of other humanities</subfield>
    <subfield code="r">Lisa Lowe in conversation with Hong-Kai Wang.</subfield>
    <subfield code="t">City of commons</subfield>
    <subfield code="r">Stefan Gruber and Vladimir Miller.</subfield>
    <subfield code="t">Study as commoning: commoning as horizon.</subfield>
  </datafield>
  <datafield tag="653" ind1="1" ind2="0">
    <subfield code="a">Arte contempor&#xE1;neo</subfield>
  </datafield>
  <datafield tag="653" ind1="1" ind2="0">
    <subfield code="a">Investigaci&#xF3;n art&#xED;stica</subfield>
  </datafield>
  <datafield tag="653" ind1="1" ind2="0">
    <subfield code="a">Arte y sociedad</subfield>
  </datafield>
  <datafield tag="653" ind1="1" ind2="0">
    <subfield code="a">Teor&#xED;a del arte</subfield>
  </datafield>
  <datafield tag="700" ind1="1" ind2=" ">
    <subfield code="a">Gruber, Stefan.</subfield>
    <subfield code="e">editor.</subfield>
    <subfield code="9">5928</subfield>
  </datafield>
  <datafield tag="700" ind1="1" ind2=" ">
    <subfield code="a">Hille, Moira.</subfield>
    <subfield code="d">editor.</subfield>
    <subfield code="9">5929</subfield>
  </datafield>
  <datafield tag="700" ind1="1" ind2=" ">
    <subfield code="a">Krauss, Annette.</subfield>
    <subfield code="e">editora.</subfield>
    <subfield code="9">5930</subfield>
  </datafield>
  <datafield tag="700" ind1="1" ind2=" ">
    <subfield code="a">Miller, Vladimir.</subfield>
    <subfield code="e">editor.</subfield>
    <subfield code="9">5931</subfield>
  </datafield>
  <datafield tag="700" ind1="1" ind2=" ">
    <subfield code="a">Verlic, Mara.</subfield>
    <subfield code="e">editor.</subfield>
    <subfield code="9">5932</subfield>
  </datafield>
  <datafield tag="700" ind1="1" ind2=" ">
    <subfield code="a">Wang, Hong-Kai.</subfield>
    <subfield code="e">editor.</subfield>
    <subfield code="9">5933</subfield>
  </datafield>
  <datafield tag="700" ind1="1" ind2=" ">
    <subfield code="a">Wieger, Julia.</subfield>
    <subfield code="e">editor.</subfield>
    <subfield code="9">5934</subfield>
  </datafield>
  <datafield tag="999" ind1=" " ind2=" ">
    <subfield code="c">1262</subfield>
    <subfield code="d">1262</subfield>
  </datafield>
  <datafield tag="952" ind1=" " ind2=" ">
    <subfield code="0">0</subfield>
    <subfield code="1">0</subfield>
    <subfield code="2">ddc</subfield>
    <subfield code="4">0</subfield>
    <subfield code="7">0</subfield>
    <subfield code="a">LV</subfield>
    <subfield code="b">LV</subfield>
    <subfield code="c">Monograf&#xED;as</subfield>
    <subfield code="d">2017-08-26</subfield>
    <subfield code="l">1</subfield>
    <subfield code="o">707 S732s</subfield>
    <subfield code="p">004456</subfield>
    <subfield code="r">2020-02-11 00:00:00</subfield>
    <subfield code="s">2019-09-05</subfield>
    <subfield code="w">2017-08-26</subfield>
    <subfield code="y">01</subfield>
  </datafield>
</record>
